L'estrema solitudine

Kaydedildi:
Detaylı Bibliyografya
Yazar: Ben Jelloun Tahar
Materyal Türü: Kitap
Dil:Bilinmeyen Dil
Baskı/Yayın Bilgisi: Milano Rizzoli 1998
Etiketler: Etiketle
Etiket eklenmemiş, İlk siz ekleyin!

MARC

LEADER 00000nam a2200000Ia 4500
001 228
003 NUMERAZIONE-ORIGINALE-BRESCIA
005 20260206230750.0
008 260206s9999 xx 000 0 und d
100 |a Ben Jelloun Tahar 
245 0 |a L'estrema solitudine 
260 |a Milano 
260 |b Rizzoli 
260 |c 1998 
942 |2 ddc  |c BK  |n 0 
952 |0 0  |1 0  |2 ddc  |4 0  |6 23  |7 0  |9 28428  |a BS  |b BS  |d 2026-02-06  |i 228  |l 0  |o 2-3-*  |r 2026-02-06 22:40:35  |w 2026-02-06  |x [REVISIONARE]  |y BK 
999 |c 24109  |d 24109